|
|
|
|
| LEADER |
00993nam#a2200301#a#4500 |
| 001 |
013506 |
| 005 |
20160721152220.0 |
| 008 |
980706s1997####xxk#################eng#d |
| 020 |
|
|
|a 0815328184
|
| 040 |
|
|
|a AR-beUNQ
|
| 099 |
|
|
|a 25-J4
|
| 100 |
1 |
|
|a Janeway, Charles A
|
| 245 |
0 |
0 |
|a Immunobiology : the immune system in health and disease
|c Charles A Janeway. ; Paul Travers.
|
| 250 |
|
|
|a 3a. ed.
|
| 260 |
|
|
|a London :
|b Current Biology,
|c 1997
|
| 300 |
|
|
|a 601 p. en varias paginaciones :
|b il., gráficos, tablas
|
| 650 |
|
7 |
|a INMUNOLOGIA
|2 Spines
|
| 650 |
|
7 |
|a BIOLOGIA
|2 Spines
|
| 650 |
|
7 |
|a INMUNOTOLERANCIA
|2 Spines
|
| 650 |
|
7 |
|a ENFERMEDADES INMUNOLOGICAS
|2 Spines
|
| 650 |
|
7 |
|a SALUD
|2 Spines
|
| 650 |
|
7 |
|a FORMACION DE ANTICUERPOS
|2 Spines
|
| 650 |
|
7 |
|a GLOSARIO
|2 toit
|
| 700 |
1 |
|
|a Travers, Paul
|
| 929 |
|
|
|a COMPRA
|b Cúspide
|c Exp. 827-0764/97
|d 47,95
|e 19980706
|j 24045
|
| 929 |
|
|
|a COMPRA
|b Cúspide
|c Exp. 827-0764/97
|d 47,95
|e 19980706
|j 24044
|
| 942 |
|
|
|c LIB
|n 0
|
| 999 |
|
|
|c 15908
|d 91295
|